000 00594cab a22001935a 4500
001 L157469
008 121218e20121215xxk 000 0 eng d
035 _a(Sirsi) u157469
041 0 _aeng
100 1 _aAllen, Tim
245 0 0 _aDon't fail the test of time
260 _c2012
490 _aEstates Gazette
_v(1250) 15 December 2012, 98-99(2)
520 _aGives principles to help landlords and tenants avoid getting caught out by interpretation of time periods in property contracts.
590 _aKA
651 4 _aUnited Kingdom
690 _aLandlord and tenant
_96252
942 _n0
999 _c84397
_d84397